Al-Hikmah journal of history and international relations [AJHIR] (Record no. 38068)

MARC details
000 -LEADER
fixed length control field 00662nam a2200169Ia 4500
022 ## - INTERNATIONAL STANDARD SERIAL NUMBER
ISSN 24657336
050 ## - CALL MARK
Classification number JZ 6.5 .A44/
245 #0 - TITLE STATEMENT
Title Al-Hikmah journal of history and international relations [AJHIR]
260 ## - PUBLICATION, DISTRIBUTION, ETC. (IMPRINT)
Place of publication Ilorin, Nigeria
260 ## - PUBLICATION, DISTRIBUTION, ETC. (IMPRINT)
Name of publisher University of Ilorin
260 ## - PUBLICATION, DISTRIBUTION, ETC. (IMPRINT)
Year of publication 2018
300 ## - PHYSICAL DESCRIPTION
Number of Pages vi, 138 p. ; 22 cm.
650 ## - SUBJECT ADDED ENTRY--TOPICAL TERM
Topical Term Economic development--Periodicals. International relations--Periodicals. Economic assistance--Developing countries--Periodicals. Developing countries--Economic conditions--Periodicals. Slovenia--Foreign relations--Periodicals.
942 ## - ADDED ENTRY ELEMENTS (KOHA)
Koha item type Serials

No items available.